| 000 | 00458ntaaa2200157 4500 | ||
|---|---|---|---|
| 003 | 01 | ||
| 005 | 20251027203233.0 | ||
| 008 | 0714s1973 ag 01 | ||
| 040 |
_aAR-BaBN _bspa _cAR-BaBN _eaacr _dRIC |
||
| 082 | _a245 C33 | ||
| 110 |
_aIglesia Evangelica Bautista del Centro _934772 |
||
| 245 |
_aCoros / _cIglesia Evangelica Bautista del Centro |
||
| 250 | _a1ยช ed. | ||
| 260 |
_aBuenos Aires : _bIglesia Evangelica Bautista del Centro, _c(1986) |
||
| 942 | _cBK | ||
| 999 |
_c27846 _d27846 |
||